| 000 | 00993cab a2200229 4500 | ||
|---|---|---|---|
| 001 | ABS57759 | ||
| 008 | 090401t1997 xxu||||| |||| 00| 0 eng d | ||
| 035 | _a(Sirsi) u81849 | ||
| 041 | _aeng | ||
| 245 | _aLambert v Keymood Ltd | ||
| 260 | _c1997 | ||
| 350 | _a0 | ||
| 490 |
_aEstates Gazette Law Reports _v[1997] 43 EG 131-139(9) |
||
| 520 | _aQBD 3 April 1996. Tenants negligently caused a fire destroying one and damaging another unit owned by the plaintiff landlord. The tenants contended that the landlord was contractually obliged to insure the units for the benefits of the tenants. The lease of one unit contained a landlord`s covenant to insure. The landlord claimed damages for negligence against the tenants. Held: The landlord was entitled to damages less 15% for contributory negligence. | ||
| 650 | _aCOVENANT TO INSURE | ||
| 650 | _aFIRE | ||
| 650 |
_aInsurance _96249 |
||
| 650 | _aNEGLIGENCE | ||
| 690 | _aINSURANCE-CASE LAW | ||
| 942 | _n0 | ||
| 948 | _c03/11/1997 | ||
| 999 |
_c51611 _d51611 |
||